| 000 | 00781nam a2200241 a 4500 | ||
|---|---|---|---|
| 003 | AR-BaBNM | ||
| 005 | 20251128203639.0 | ||
| 008 | 082120s2002 ||||||||||||||000 | spa|| | ||
| 020 | _a968-6078-49-5 | ||
| 040 | _cAR-BaBNM | ||
| 245 | 0 | 0 |
_aEducación básica para adultos _bexperiencias y prospectiva en México. 2 |
| 260 |
_aMéxico, D.F. _bCentro Regional de Educación de Adultos y alfabetización Funcional para América Latina México D.F. _c1987 |
||
| 300 | _a230 p. | ||
| 504 | _aBibliografía p. 228-230 | ||
| 650 | 4 | _aEDUCACION DE ADULTOS | |
| 650 | 4 | _aEDUCACION BASICA | |
| 650 | 4 | _aRELACION ESCUELA-COMUNIDAD | |
| 650 | 4 | _aPROGRAMAS DE EDUCACION DE ADULTOS | |
| 651 | 4 | _aAmérica Latina | |
| 653 | _aESTRATEGIAS EDUCATIVAS | ||
| 942 | _cBK | ||
| 998 | _cCarmen | ||
| 999 |
_c4314 _d4314 |
||